Quiz sur 1969 - Statistiques

Statistiques générales
  • Ce quiz a été pris 44 fois
  • Le résultat moyen est 9 sur 20
Statistiques - réponses
Hint Réponse % Correct
Avion mythique qui fit son premier vol en 1969 Concorde
90%
Pays bouleversé par le coup d'état de Kadhafi le 1er septembre Libye
80%
Grand festival de musique hippie tenu en 1969 dans l'état de New York Woodstock
76%
Animateur de télévision franco-grec, né en 1969 Nikos Aliagas
71%
Président américain successeur de LBJ, rentré en fonction cette année-là Richard Nixon
68%
Sport déclencheur de la guerre honduro-salvadorienne du 14 au 18 juillet, qui prête même son nom au surnom de "la guerre de cent heures" Football
66%
Homme politique vietnamien mort en 1969 Hô-Chi-Minh
66%
Grand footballeur au nom basque, champion du monde 1998 à 29 ans Bixente Lizarazu
61%
34ème président des Etats-Unis et grand chef du débarquement en Normandie, mort en 1969 Dwight Eisenhower
61%
Pilote allemand de formule 1 de légende, dont le fils est également rentré dans le circuit Michael Schumacher
61%
Homme politique français devenu premier ministre, et qui donne son nom au stade de rugby de l'équipe de Bordeaux-Bègles Jacques Chaban-Delmas
49%
Membre de la mission Apollo 11 de 1969 qui n'a pas posé le pied sur la Lune Michael Collins
49%
Autre homme de télévision de la même année, révélé dans une émission où il redresse les jeunes à la dérive Pascal le grand frère
39%
Célèbre acteur ayant interprété Frankenstein, décédé en 1969 Boris Karloff
15%
Grand boxeur, mort cette année, à l'origine du personnage de Rocky Balboa Rocky Marciano
15%
Etudiant tchèque qui s'est immolé par le feu le 16 janvier pour dénoncer l'intervention soviétique dans le pays Jan Palach
5%
Nom propre associé au terme émeutes lors de manifestations pour le droit des homosexuels à Greenwich Village Stonewall
5%
Volcan étatsunien rentré en éruption le 24 mai Kilauea
2%
Terme associé à bataille dans le nom donné à une série d'émeutes en Irlande du Nord au cours de l'août 1969 Bogside
0%
DJ néerlandais, grande figure de l'électro Tiesto
0%
Aucun quiz correspondant
Distribution des résultats
% des personnes avec chaque résultat
Percentile par nombre de réponses
Votre historique - résultats
Vous n’avez pas pris ce quiz